000 00621nam a2200217 i 4500
001 42739
003 ES-MaACL
005 20230906160654.0
007 t|
008 030313s1956 sp ||||1| spa d
100 1 _aCastle, Marian.
_936792
245 1 0 _aRoxana
_b: novela /
_cMarian Castle ; [traducción del inglés por Enrique de Juan].
250 _a1ª ed.
260 _aBarcelona :
_bPlaneta,
_c[1956] (
_fAleu y Domingo)
300 _a407 p. ;
_c19 cm.
490 1 _aGoliat
700 1 _aJuan, Enrique de.
_967090
830 0 _aGoliat
_9181396
852 _aES-MaACL
_jC-12280
_bR.40355
999 _c42739
_d42739